000 00489nam a2200157Ia 4500
008 220216s9999 xx 000 0 und d
100 _aXia Young
245 0 _aStudy on the compressible hyperelastic constitutive model of tire rubber compounds under moderate finite deformation
260 _bRubber Chemistry and Technology
_c2004
300 _a230-241
650 _aAutomated grid method
650 _aTire rubber compound
700 _aLi W
700 _aXia Yuanming
942 _cJS
999 _c69857
_d69857